000 00713nam a2200253Ia 4500
003 OSt
005 20220918223326.0
006 a|||||r|||| 00| 0
007 ta
008 220917b |||||||| |||| 00| 0 eng d
024 _a221,942
037 _cTextual
040 _aARTS
_cARTS
_beng
041 _2eng
_aeng
082 _aW6, P3
100 _aCastiglione Dario Ed.
_928990
245 0 _aToleration, neutrality and democracy
260 _aLondon
_bKluwer academic pub.
_c2003
300 _ax, 185p
_ccm.
650 _aPOLITICAL SCIENCE
700 _a McKinnon Catriona Ed.
_9145479
942 _hW6, P3
_cTEXL
_2CC
999 _c278137
_d278137